000 00337nam a2200157Ia 4500
100 _aMuller/ Scott
250 _a8
942 _cBK
654 _aUpgrading & Repairing Pcs
245 _aUpgrading & Repairing PCs
260 _bP.H.I.
_aNew Delhi
_c1998
082 _a4.252
_bMUE
300 _a1168
546 _aENGLISH
999 _c26452
_d26452